| 000 | 01049nam0a22002531 4500 | ||
|---|---|---|---|
| 001 | rc\2560633 | ||
| 005 | 20230412103618.0 | ||
| 035 | _a(NLR Aleph) 006725557 | ||
| 090 |
_a5489310 _c5489310 |
||
| 100 | _a20110914d1927 |||y0rusy50 ca | ||
| 101 | 0 | _arus | |
| 102 | _aRU | ||
| 105 | _ay z ||||| | ||
| 200 | 1 |
_aКоллективизация сельского хозяйства в Сибирском крае _e(Материалы для докладов, работы партактива и кружков текущей политики) |
|
| 210 |
_a[Новосибирск] _cСибкрайком ВКП(б) _d1927 _gтип. "Совсибирь" |
||
| 215 |
_a13 с., [2] с. "Для памяти" _d21х15 см. |
||
| 320 | _aБиблиография: "Указатель литературы" к каждой теме | ||
| 700 | 1 |
_aВеденяпин _bГ. В. _gГеоргий Владимирович |
|
| 801 | 0 |
_aRU _bNLR _gpsbo |
|
| 801 | 1 |
_aRU _bELAR _2rusmarc |
|
| 852 |
_aNLR _j40/2535 |
||
| 942 | _cBOOK | ||
| 980 | _aNB | ||